000 01150nam2a22002411 4500
001 RU\NLR\INFOCOMM10\1000199353
005 20250617044358.0
035 _a(NLR Aleph) 002457766
090 _a2223522
_c2223522
100 _a20040317d1960 |||y0rusy50 ca
101 0 _arus
102 _aRU
105 _ay |||||||||
200 1 _aОфициальный стандарт Канады на пшеницу
210 _d1960
_aБ. м.
461 0 _1001RU\NLR\INFOCOMM10\1000199348
_12001#$aИнформационный бюллетень по вопросам качества зерна в международной хлебной торговле$fВсесоюз. объединение "Экспортхлеб"$v1960, №5
_92223505
_cМ.
_d1960-
_fВсесоюз. объединение "Экспортхлеб"
_tИнформационный бюллетень по вопросам качества зерна в международной хлебной торговле
_v1960, №5
801 1 _aRU
_bInfoComm
_c20040317
801 0 _aRU
_bNLR
_gPSBO
852 _aNLR
_jП11/2096
942 _cISSUE
980 _aNB
980 _aRUSPER